• 首页
  • 本馆介绍
  • 公告通知
  • 最新文献
  • 馆藏检索
  • 电子资源
  • 读者导购
  • 参考咨询
  • 我的图书馆
  • 登录
  • 详细信息显示
  • 放入我的书架
  • 预约/预借图书
  • 作者相关作品
  • 分类相关作品
  • 丛书相关作品
  • 出版社相关作品

书目信息

  • 表格格式
  • 工作单格式
  • 卡片格式
题名:
组织管理心理学
    
 
作者: 王垒
分册:  
出版信息: 北京   北京大学  1993
页数: 229页
开本: 20cm
丛书名: 心理学丛书
单 册:
中图分类: B849:C93 , B849
科图分类:
主题词: 应用心理学
电子资源:
ISBN: 7-301-02405-3
000 00569nam0 2200217 450
001 1563928492
005 20150130174604.18
010    @a7-301-02405-3@dCNY8.95
100    @a20070818d km y0chiy0120 ea
101 0  @achi
200 1  @a组织管理心理学@Azu zhi guan li xin li xue@f王垒@Fwang lei
210    @a北京@c北京大学@d1993
215    @a229页@d20cm
225 2  @a心理学丛书
410  0 @12001 @a心理学丛书
606 0  @a应用心理学
690    @aB849:C93@v3
690    @aB849@v4
701  0 @a王垒@Awang lei
801  0 @aCN@bTSSF@c20150130
905    @aZUCC@dB849@eJY51
    
    组织管理心理学/王垒.-北京:北京大学,1993
    229页;20cm.-(心理学丛书)
    
    
    ISBN 7-301-02405-3:CNY8.95
    
●
相关链接 在E读中查询图书 在五车中查询图书 在当当中查询图书 在豆瓣中查询图书


正题名:组织管理心理学     索取号:B849/JY51         预约/预借

序号 登录号 条形码 馆藏地/架位号 状态 备注
1 7846041   278460416   学院路分馆/ [索取号:B849/JY51] 在馆    
唐山师范学院图书馆 欢迎您!
大连网信软件有限公司© 版权所有